000 00875 a2200205 4500
999 _c5036
_d5036
020 _a9780393927566
050 0 0 _aMT 1 CAM 2008
100 1 _aCampbell, Patricia Shehan
_eauthor
245 1 0 _aMusician and teacher :
_ban orientation to music education /
_cPatricia Shehan Campbell, with chapters contributed by Steven M. Demorest and Steven J. Morrison.
264 _aLondon:
_bNorton Publishers,
_c2008
300 _a328 p. :
_bill. ;
500 _aIncludes bibliographical references and index
504 _aIncludes bibliographical references and index
650 0 _aSchool music
_xInstruction and study.
650 0 _aMusic
_xInstruction and study.
700 1 _aDemorest, Steven M.
_econtributor
700 1 _aMorrison, Steven J.,
_econtributor
856 4 1 _3Table of contents only
_uhttp://www.loc.gov/catdir/toc/ecip0715/2007013482.html
942 _2lcc
_cBK
_h1
_iCAM
_kMT